000 00430nam a2200157Ia 4500
008 151213s9999 xx 000 0 und d
100 _aRandall G.Chapman
245 _aBrand Maps:The Competitive Marketing Strategy Game
_cRandall G.Chapman
250 _a3rd
260 _aNew Jersey
_bPrentic Hall
_c1994
300 _a2814 p.
650 _aMarketing
650 _aMarketing
700 _aRandall G.Chapman
999 _c1924
_d1924